La luna enemiga

Uloženo v:
Podrobná bibliografie
Hlavní autor: Vega, Daniel de la (Autor)
Médium: Kniha
Jazyk:španělština
Vydáno: Santiago Imprenta Avenida Matta 1929
Vydání:1a. ed
Témata:
Tagy: Přidat tag
Žádné tagy, Buďte první, kdo vytvoří štítek k tomuto záznamu!

MARC

LEADER 00000nam a2200000 a 4500
001 UCJ3205
003 CL-VaPUC
008 070124e19290000CL |||||||||||||||||spa|d
082 0 4 |a Ch863  |b VEG  |2 21 
100 0 |a Vega, Daniel de la  |e author  |9 390328 
245 1 3 |a La luna enemiga 
250 |a 1a. ed 
300 |a 123 p 
942 |c BK 
945 |d 20070124 00:00:00  |a rinostro 
260 |a Santiago  |b Imprenta Avenida Matta  |c 1929 
650 0 |a Novela chilena   |9 307631 
583 |a last modification  |c 20070124 00:00:00  |k Rodrigo Vera 
999 |c 319327  |d 319325 
952 |0 0  |1 0  |4 0  |6 CH_863_000000000000000_VEG_1929  |7 0  |8 X  |9 397632  |a FDOBUD  |b FDOBUD  |d 2019-11-22  |i 1000802  |o Ch863 VEG 1929  |p 1000802  |r 2019-11-22  |w 2019-11-22  |y BK_X  |k BUD